गोष्टीरुप बिरबल / (Record no. 545709)

MARC details
000 -LEADER
fixed length control field 01062nam a2200313 a 4500
001 - CONTROL NUMBER
control field vtls001254176
003 - CONTROL NUMBER IDENTIFIER
control field NLI
005 - DATE AND TIME OF LATEST TRANSACTION
control field 20210603180546.0
008 - FIXED-LENGTH DATA ELEMENTS--GENERAL INFORMATION
fixed length control field 120404s1956 ii 000 h mar
039 #9 - LEVEL OF BIBLIOGRAPHIC CONTROL AND CODING DETAIL [OBSOLETE]
-- 201204041807
-- VLOAD
040 ## - CATALOGING SOURCE
Original cataloging agency NLI
Language of cataloging mareng
Transcribing agency Datasoft_Marathi_S
Description conventions AACR2
041 0# - LANGUAGE CODE
Language code of text/sound track or separate title mar
044 ## - COUNTRY OF PUBLISHING/PRODUCING ENTITY CODE
MARC country code ii
082 04 - DEWEY DECIMAL CLASSIFICATION NUMBER
Classification number 891.467
100 1# - MAIN ENTRY--PERSONAL NAME
Linkage 880-01
Personal name बापट, त्र्यं. ग.
9 (RLIN) 500917
245 10 - TITLE STATEMENT
Linkage 880-02
Title गोष्टीरुप बिरबल /
Statement of responsibility, etc. त्र्यं. ग. बापट
260 ## - PUBLICATION, DISTRIBUTION, ETC.
Place of publication, distribution, etc. पुणे :
Name of publisher, distributor, etc. दयार्णव रघुनाथ कोपर्डेकर,
Date of publication, distribution, etc. 1956
300 ## - PHYSICAL DESCRIPTION
Extent 70 p. ;
Dimensions 18 cm.
650 #0 - SUBJECT ADDED ENTRY--TOPICAL TERM
Topical term or geographic name entry element Satire, Marathi
650 #0 - SUBJECT ADDED ENTRY--TOPICAL TERM
Topical term or geographic name entry element Marathi wit and humor
880 1# - ALTERNATE GRAPHIC REPRESENTATION
Linkage 100-01(B
a Bāpaṭa, T. G
880 10 - ALTERNATE GRAPHIC REPRESENTATION
Linkage 245-02(B
a Goṣṭīrūpa Birabala /
c T. G. Bāpaṭa
887 ## - NON-MARC INFORMATION FIELD
Content of non-MARC field Raja Dhanuk
901 ## - LOCAL DATA ELEMENT A, LDA (RLIN)
a 6306
b 04.08.1961
902 ## - LOCAL DATA ELEMENT B, LDB (RLIN)
a Mar 891.467 Bi 821 b
904 ## - LOCAL DATA ELEMENT D, LDD (RLIN)
c Raja Dhanuk
l 8026
942 ## - ADDED ENTRY ELEMENTS (KOHA)
Source of classification or shelving scheme Dewey Decimal Classification
Koha item type Books
949 ## - LOCAL PROCESSING INFORMATION (OCLC)
-- VIRTUAITEM
-- 10000
-- 100
6 DBA000006306MAR
Holdings
Withdrawn status Lost status Damaged status Not for loan Collection code Home library Current library Shelving location Date acquired Total Checkouts Full call number Barcode Date last seen Price effective from Koha item type
        Marathi National Library of India National Library of India       Mar 891.467 Bi 821 b DBA000006306MAR 03/06/2021 03/06/2021 Books
                                                                           
web counter

Copyright ©2020 The National Library of India, Govt. of India ↔ Hosted by NVLI, MOC ↔ Technology and Design by National Library of India, Ministry of Culture, Govt. of India